Countries The Rolling Stones have visited - Statistics

General Stats
  • This quiz has been taken 71 times
  • The average score is 41 of 46
Answer Stats
Continent Country % Correct
Oceania Australia
100%
North America Canada
100%
Europe Spain
100%
Europe United Kingdom
100%
South America Argentina
98%
South America Brazil
98%
Asia China
98%
Europe Germany
98%
Asia/ Europe Russia
98%
Europe Sweden
98%
Europe Belgium
97%
Europe Finland
97%
Europe France
97%
Oceania New Zealand
97%
Europe Norway
97%
North America United States of America
97%
South America Chile
95%
Europe Denmark
95%
South America Colombia
93%
Europe Ireland
93%
Europe Italy
93%
Asia Japan
93%
Europe Poland
93%
Europe Austria
92%
North America Mexico
92%
Europe Portugal
92%
Asia/ Europe Turkey
92%
Europe the Netherlands
90%
Europe Greece
87%
Asia India
87%
Europe Croatia
83%
North America Cuba
83%
Europe Czech Republic
83%
South America Peru
83%
Africa South Africa
83%
South America Uruguay
83%
Europe Hungary
80%
Europe Switzerland
80%
Europe Estonia
78%
Europe Romania
77%
Europe Serbia
77%
Asia Israel
72%
Europe Luxembourg
67%
Asia Singapore
58%
Asia United Arab Emirates
55%
Europe Montenegro
52%
No matching quizzes found
Score Distribution
Percent of People with Each Score
Percentile by Number Answered
Your Score History
You have not taken this quiz